000 00327nam a2200133Ia 4500
008 100328s9999 xx 000 0 und d
082 _b23710
100 _aसाळोखे विलास
245 _aविंग
260 _bगुरु ऊँ
630 _aविंग
730 _aविंग
942 _cBOOK
999 _c517317
_d517314